000 01059nam a22003377a 4500
001 BR2011007547
003 BR-BrBNA
005 20230928103814.0
007 ta
008 230509b bl.||||| |||| 00| 0 por d
040 _aBR-BrBNA
_bpor
_cBiblioteca Nacional de Agricultura
041 _a(Por)
072 _aF40; F60
090 _ F40 BR2011007547
110 1 _aSociedade Botânica do Brasil, Brasília, DF (Brasil)
_99606
110 1 _aUniversidade Federal da Paraíba, João Pessoa, PB (Brasil)
111 1 _a52. Congresso Nacional de Botânica24. Reunião Nordestina de Botânica
_cJoão Pessoa, PB (Brazil)
_d22-28 JUL 2001
245 1 _aResumos; 52. congresso nacional de botânica
260 3 _aJoão Pessoa, PB (Brasil):
_c2001.
300 _a342 p.
500 _aSummary only
650 _aBIOQUÍMICA
650 _aFISIOLOGIA
650 _aBOTÂNICA
650 _aETNOBOTÂNICA
650 _aECOLOGIA VEGETAL
650 _aEDUCAÇÃO AMBIENTAL
650 _aHERBÁRIO
909 _a202309
_bLucia
_c55
_dLucia Elande
942 _cBK
999 _c76720
_d76720